Origins of guns Quiz Stats

 Plays Quiz not verified by Sporcle

Score 0/10 Timer 10:00
0 Plays Today
% Correct
Germany
87.5%
Germany
87.5%
USA
84.4%
USA
84.4%
Russia
78.1%
Russia
78.1%
Italy
46.9%
Austria
40.6%
Belgium
37.5%
Britain
21.9%

You're not logged in!

Compare scores with friends on all Sporcle quizzes.
OR
Log In

Show Comments

Extras

Created Nov 29, 2010ReportNominate
Tags:gun, origin

Top Quizzes Today


Score Distribution

Your Account Isn't Verified!

In order to create a playlist on Sporcle, you need to verify the email address you used during registration. Go to your Sporcle Settings to finish the process.

Report this User

Report this user for behavior that violates our Community Guidelines.

Details: